000
00284nam a22001217a 4500
008
181101b xxu||||| |||| 00| 0 eng d
041
_a
eng
080
_a
611
100
_a
6
101
_a
ANA
245
_a
Correlative Anatomy Of The Nervous System
_c
Lawer.H
942
_2
udc
_c
BK
999
_c
51444
_d
51444